00499nam a2200169Ia 4500003000900000008004100009020001800050040001600068080002000084100001800104245008100122260003300203300001400236650004100250650001800291700002000309IN-BaIIA211028s9999 xx 000 0 eng d a0-08-022022-3 cIIA Library a063:629.19bHOL aHolmquist, R. 0aLife science and space researchbvol. XVIcR. Holmquist and A. C. Stickland  aOxfordbPergamon Pressc1978 aix, 157p. aAstronomy and Astrophysics thesaurus aSpace science aStickland A. C.